UFC top 60 fighters OAT - Statistics

General Stats
  • This quiz has been taken 531 times
    530 since last reset
  • The average score is 28 of 60
Answer Stats
Ranking Answer Weight Division % Correct
1 Jon Jones Heavyweight
99%
4 Demetrious Johnson Flyweight
91%
10 Khabib Nurmagomedov Lightweight
91%
2 Georges St Pierre Middleweight
89%
3 Islam Makhachev Welterweight
89%
22 Conor McGregor Lightweight
88%
5 Alexander Volkanovski Featherweight
86%
8 Anderson Silva Middleweight
85%
9 Daniel Cormier Heavyweight
81%
7 Alex Pereira Light Hvy
80%
6 Ilia Topuria Lightweight
79%
18 Israel Adesanya Middleweight
74%
19 Max Holloway Lightweight
73%
14 Charles Oliveira Lightweight
70%
39 Wanderlei Silva Light Hvy
68%
13 Kamaru Usman Welterweight
67%
11 Stipe Miocic Heavyweight
67%
12 Jose Aldo Featherweight
66%
31 Dustin Poirier Lightweight
65%
20 Petr Yan Bantamweight
64%
16 Alexandre Pantoja Flyweight
60%
24 Khamzat Chimaev Middleweight
58%
27 Sean O'Malley Bantamweight
56%
46 Justin Gaethje Lightweight
54%
47 Sean Strickland Middleweight
53%
15 Merab Dvalishvili Bantamweight
51%
30 Francis Ngannou Heavyweight
50%
29 Tom Aspinall Heavyweight
49%
33 TJ Dillashaw Bantamweight
48%
21 Dominick Cruz Bantamweight
47%
23 Bj Penn Lightweight
43%
25 Henry Cejudo Bantamweight
43%
36 Leon Edwards Welterweight
42%
38 Dricus Du Plessis Middleweight
41%
42 Jiri Prochazka Light Hvy
40%
60 Brock Lesnar Heavyweight
37%
17 Matt Hughes Welterweight
36%
37 Aljamain Sterling Featherweight
35%
44 Tony Ferguson Welterweight
32%
51 Michael Bisping Middleweight
30%
26 Chuck Liddell Light Hvy
29%
41 Tyron Woodley Welterweight
29%
35 Cain Velasquez Heavyweight
27%
40 Robert Whittaker Middleweight
26%
28 Randy Couture Heavyweight
25%
34 Frankie Edgar Bantamweight
21%
57 Robbie Lawler Middleweight
21%
58 Eddie Alvarez Lightweight
20%
59 Rafael Dos Anjos Lightweight
19%
52 Alexander Gustafsson Light Hvy
17%
32 Deiveson Figueiredo Bantamweight
16%
50 Alistair Overeem Heavyweight
15%
56 Lyoto Machida Middleweight
15%
49 Renan Barao Featherweight
12%
53 Vitor Belfort Middleweight
9%
45 Shavkat Rakhmonov Welterweight
8%
55 Forrest Griffin Light Hvy
7%
48 Jens Pulver Lightweight
7%
54 Sean Sherk Lightweight
5%
43 Antonio Nogueira Heavyweight
3%
No matching quizzes found
Score Distribution
Percent of People with Each Score
Percentile by Number Answered
Your Score History
You have not taken this quiz since the last reset